Vysoké školy a budoucnost národa

Tri aspekty transformácie vysokých škôl. Vysokoškolský zákon a jeho nedostatky. Finančná situácia vysokých škôl z pohľadu vysokoškolského profesora. Situácia na vysokých školách a postavenie profesorov na vysokých školách.

Gespeichert in:
Bibliographische Detailangaben
1. Verfasser: Tuček, M.
Format: Buchkapitel
Sprache:Tschechisch
Schlagworte:
Tags: Tag hinzufügen
Keine Tags, Fügen Sie das erste Tag hinzu!

MARC

LEADER 00000naa a2200000 4500
001 r000000
005 20220714112501.8
041 0 |a cze 
044 |a CZ 
245 1 0 |a Vysoké školy a budoucnost národa  |c M. Tuček 
520 |a Tri aspekty transformácie vysokých škôl. Vysokoškolský zákon a jeho nedostatky. Finančná situácia vysokých škôl z pohľadu vysokoškolského profesora. Situácia na vysokých školách a postavenie profesorov na vysokých školách. 
610 2 0 |a školy vysoké 
610 2 0 |a financovanie 
610 2 0 |a transformácia 
610 2 0 |a Česko 
610 2 0 |a zákony 
610 2 0 |a učitelia 
100 1 |a Tuček, M.